| 000 | 00471nam a2200181Ia 4500 | ||
|---|---|---|---|
| 003 | GCL | ||
| 008 | 140319s9999 xx 000 0 eng d | ||
| 040 |
_aGCL / _cGCL |
||
| 082 | 0 | 4 |
_a658.315 _bB D |
| 100 | 1 | _aBLYTON, PAUL | |
| 245 | 1 | 0 |
_aTHE DYNAMICS OF EMPLOYEE RELATIONS / _cBLYTON, PAUL |
| 700 | 1 | _aTURNBULL, PETER | |
| 260 |
_a[S.N] : _bMac Millan Press ، _c1988 |
||
| 300 | _a363 P | ||
| 650 | 0 | 4 | _aEMPLOYEERS |
| 650 | 0 | 4 | _aEMPLOYEE RELATIONS |
| 942 |
_2ddc _cBK |
||
| 999 |
_c24634 _d24634 |
||